[Event "Bled/Portoroz"]
[Site "Bled/Portoroz"]
[Date "1979.??.??"]
[Round "?"]
[White "Timman, Jan Hein"]
[Black "Qi Jingxuan"]
[Result "1-0"]
[WhiteElo "2625"]
[BlackElo "2415"]
[PlyCount "45"]
[EventDate "1979.??.??"]
[Source "www.chesslib.no"]
[SourceDate "2004.05.04"]

1. d4 e6 2. c4 f5 3. Nf3 Nf6 4. g3 d5 5. Bg2 c6 6. O-O Bd6 7. b3 O-O 8. Ba3 Bxa3 9. Nxa3 Bd7 10. Ne5 Be8 11. Qc2 Qe7 12. Qb2 Nbd7 13. Nd3 g5 14. b4 h5 15. b5 h4 16. Qb4 Qh7 17. bxc6 bxc6 18. Qd6 Ne4 19. Qxe6+ Kh8 20. Qxc6 Rb8 21. gxh4 Qxh4 22. Qc7 Rb6 23. Ne5 1-0

[Event "Yerevan"]
[Site "Erevan ARM"]
[Date "1988.??.??"]
[Round "?"]
[White "Olafsson, Helgi"]
[Black "Knaak, Rainer F A"]
[Result "1-0"]
[WhiteElo "2510"]
[BlackElo "2525"]
[PlyCount "65"]
[EventDate "1988.05.??"]
[Source "www.chesslib.no"]
[SourceDate "2004.05.04"]

1. d4 e6 2. c4 f5 3. g3 Nf6 4. Bg2 d5 5. Nf3 c6 6. O-O Bd6 7. b3 O-O 8. Ba3 Bxa3 9. Nxa3 Qe7 10. Qc1 Nbd7 11. Qb2 Ne4 12. e3 g5 13. Rac1 g4 14. Ne1 Rf6 15. Nd3 Rh6 16. Nb1 Qe8 17. Nf4 Nf8 18. Nd2 Ng6 19. f3 gxf3 20. Nxf3 Bd7 21. Qa3 Qf7 22. Rc2 Qg7 23. Qb4 b6 24. Nxg6 hxg6 25. Ne5 c5 26. Qe1 Be8 27. cxd5 exd5 28. Bxe4 dxe4 29. g4 cxd4 30. exd4 Qh7 31. gxf5 gxf5 32. Rg2+ Kh8 33. Qxe4 1-0

[Event "Lvov"]
[Site "Lvov"]
[Date "1988.??.??"]
[Round "?"]
[White "Dorfman, Josif D"]
[Black "Moskalenko, Viktor"]
[Result "1/2-1/2"]
[WhiteElo "2520"]
[BlackElo "2440"]
[PlyCount "39"]
[EventDate "1988.02.??"]
[Source "ChessBase"]

1. c4 f5 2. g3 Nf6 3. Bg2 e6 4. Nf3 Be7 5. O-O O-O 6. d4 c6 7. b3 d5 8. Ba3 b5 9. Bxe7 Qxe7 10. Ne5 Bb7 11. Nd2 Nbd7 12. Nxd7 Nxd7 13. e3 a5 14. Qc2 Ba6 15. Rfc1 Rfc8 16. Bf1 Nf6 17. cxb5 cxb5 18. Qb2 Qd6 19. a3 b4 20. Bxa6 1/2-1/2

[Event "Copenhagen AS04& BSF"]
[Site "Copenhagen"]
[Date "1984.??.??"]
[Round "7"]
[White "Hansen, Curt"]
[Black "Kristiansen, Jens"]
[Result "1-0"]
[WhiteElo "2505"]
[BlackElo "2445"]
[PlyCount "115"]
[EventDate "1984.??.??"]
[Source "www.chesslib.no"]
[SourceDate "2004.05.04"]

1. g3 f5 2. Nf3 Nf6 3. Bg2 e6 4. O-O Be7 5. c4 O-O 6. d4 d5 7. b3 c6 8. Ba3 Nbd7 9. Bxe7 Qxe7 10. Qc2 Ne4 11. Nbd2 b6 12. Rac1 Bb7 13. Qb2 c5 14. cxd5 exd5 15. e3 a5 16. Rfd1 a4 17. Nb1 axb3 18. axb3 Ra5 19. Nc3 Rfa8 20. dxc5 bxc5 21. Nh4 Ndf6 22. b4 cxb4 23. Nxf5 Qe5 24. Qxb4 Qxf5 25. Nxe4 Nxe4 26. Bxe4 dxe4 27. Qxb7 Rf8 28. Rd2 h6 29. Qb2 Ra7 30. Qd4 Rb7 31. Qd5+ Qxd5 32. Rxd5 Rb2 33. Rf1 Rf6 34. Re5 Rb4 35. h4 Kf7 36. h5 Re6 37. Rd5 g6 38. hxg6+ Kxg6 39. Kg2 Rb2 40. g4 Rf6 41. Re5 Rb4 42. Rh1 Kg7 43. Rhh5 Ra4 44. Rhf5 Rxf5 45. Rxf5 Ra6 46. Kg3 Re6 47. Kf4 Kg6 48. g5 hxg5+ 49. Rxg5+ Kf6 50. Rf5+ Kg7 51. Kg4 Kg6 52. Rf4 Re5 53. Kg3 Kh5 54. Kg2 Rg5+ 55. Kf1 Rg4 56. Rxg4 Kxg4 57. Kg2 Kf5 58. Kh3 1-0

[Event "SCG First League m"]
[Site "?"]
[Date "2005.10.20"]
[Round "4"]
[White "Cabrilo Goran"]
[Black "Markovic Miroslav"]
[Result "1/2-1/2"]
[WhiteElo "2461"]
[BlackElo "2489"]
[PlyCount "23"]
[EventDate "2005.??.??"]
[Source "www.chesslib.no"]
[SourceDate "2004.05.04"]

1. d4 f5 2. Nf3 Nf6 3. g3 e6 4. Bg2 d5 5. O-O c6 6. c4 Be7 7. b3 O-O 8. Ba3 Ne4 9. Qc1 Nd7 10. Qb2 b5 11. Bxe7 Qxe7 12. c5 1/2-1/2

[Event "URS Army Team Ch"]
[Site "Simferopol UKR"]
[Date "1990.??.??"]
[Round "?"]
[White "Cherepkov, Alexander V"]
[Black "Moskalenko, Viktor"]
[Result "1/2-1/2"]
[WhiteElo "2430"]
[BlackElo "2515"]
[PlyCount "123"]
[EventDate "1990.??.??"]
[Source "www.chesslib.no"]
[SourceDate "2004.05.04"]

1. d4 e6 2. c4 f5 3. g3 Nf6 4. Bg2 c6 5. Nf3 d5 6. O-O Bd6 7. b3 O-O 8. Ba3 Bxa3 9. Nxa3 Nbd7 10. cxd5 exd5 11. Nc2 Qe7 12. Nce1 Ne4 13. Nd3 a5 14. a3 Nb6 15. Nfe5 Be6 16. f3 Nd6 17. a4 Nd7 18. Qc1 Nxe5 19. Nxe5 Nf7 20. Nd3 Rae8 21. Re1 Bc8 22. e3 Qd8 23. Qc3 Re7 24. b4 Rfe8 25. Kf2 axb4 26. Qxb4 Nd6 27. Ne5 Nf7 28. Nxf7 Rxf7 29. a5 h5 30. h4 g5 31. hxg5 Qxg5 32. f4 Qg6 33. Bf3 Rg7 34. Rg1 Re6 35. Qc3 Qe8 36. Rh1 Rh6 37. Rh4 Rg4 38. Rah1 Qg6 39. Bxd5+ Be6 40. Rxg4 hxg4 41. Rxh6 Qxh6 42. Bg2 Qh2 43. Kf1 Qxg3 44. d5 Bxd5 45. Bxd5+ cxd5 46. Qc8+ Kg7 47. Qxb7+ Kg6 48. Qc6+ Kg7 49. Qd7+ Kg6 50. Qe8+ Kg7 51. Qe7+ Kg8 52. a6 Qf3+ 53. Ke1 d4 54. Qe8+ Kg7 55. Qe7+ Kg8 56. Qg5+ Kh8 57. Qh6+ Kg8 58. Qg6+ Kh8 59. Qh6+ Kg8 60. Qg5+ Kh8 61. Qf6+ Kg8 62. Qg6+ 1/2-1/2

[Event "Berlin"]
[Site "?"]
[Date "1989.??.??"]
[Round "?"]
[White "Chekhov, V."]
[Black "Knaak, R."]
[Result "1-0"]
[WhiteElo "2480"]
[BlackElo "2465"]
[PlyCount "83"]
[EventDate "1989.??.??"]
[Source "ChessBase"]
[SourceDate "1989.01.01"]

1. d4 e6 2. Nf3 f5 3. g3 Nf6 4. Bg2 d5 5. O-O Bd6 6. c4 c6 7. b3 O-O 8. Ba3 Bxa3 9. Nxa3 Qe7 10. Qc1 Nbd7 11. Qb2 Ne4 12. Nc2 g5 13. Nce1 g4 14. Ne5 Nxe5 15. dxe5 Bd7 16. Nd3 c5 17. f3 gxf3 18. exf3 Ng5 19. h4 Nf7 20. f4 Bc6 21. cxd5 Bxd5 22. Bxd5 exd5 23. Rfe1 Nh6 24. Rad1 d4 25. Nf2 Kh8 26. Kh2 Rg8 27. Rd3 Rg7 28. Qe2 Qe6 29. b4 b6 30. bxc5 bxc5 31. Rc1 Rc8 32. Qc2 Qg6 33. Qb3 Ng8 34. Rxd4 Qh5 35. Qd1 Qg6 36. Qf3 cxd4 37. Rxc8 Qa6 38. Rc2 Qf1 39. Qd3 Qb1 40. Rd2 Qe1 41. Qxd4 Ne7 42. Qd3 1-0

[Event "Walsall"]
[Site "Walsall"]
[Date "1992.??.??"]
[Round "7"]
[White "Suba, Mihai"]
[Black "Bellin, Robert"]
[Result "1-0"]
[WhiteElo "2520"]
[BlackElo "2395"]
[PlyCount "65"]
[EventDate "1992.??.??"]
[Source "ChessBase"]

1. c4 e6 2. g3 f5 3. Bg2 Nf6 4. Nf3 Be7 5. O-O O-O 6. d4 d5 7. b3 c6 8. Ba3 Bd7 9. Qc2 Be8 10. e3 Ne4 11. Qb2 Nd7 12. Rc1 Bh5 13. Nbd2 g5 14. Bxe7 Qxe7 15. Rc2 Rf7 16. b4 g4 17. Ne5 Nxe5 18. dxe5 Ng5 19. cxd5 cxd5 20. Rac1 Qd7 21. Nb3 Nf3+ 22. Bxf3 gxf3 23. Nd4 Re8 24. Rc5 Qe7 25. Qc2 Bg4 26. Rc8 Rff8 27. Rxe8 Rxe8 28. Qc5 Qxc5 29. Rxc5 Re7 30. Kf1 Kg7 31. Rc8 Bh3+ 32. Ke1 Bg2 33. Kd2 1-0

[Event "III Memorial E.Geller - Open A"]
[Site "Odessa UCR"]
[Date "2007.09.09"]
[Round "2"]
[White "Sumets, Andrey"]
[Black "Shevchenko, Sergey"]
[Result "1/2-1/2"]
[WhiteElo "2529"]
[BlackElo "2378"]
[PlyCount "81"]
[EventDate "2007.09.08"]
[Source "www.chesslib.no"]
[SourceDate "2004.05.04"]

1. d4 f5 2. g3 e6 3. Bg2 Nf6 4. c4 c6 5. Nf3 d5 6. O-O Be7 7. b3 O-O 8. Ba3 Nbd7 9. Bxe7 Qxe7 10. Nbd2 Ne4 11. Qc2 g5 12. Ne1 Qg7 13. Rd1 Kh8 14. Nxe4 dxe4 15. f3 exf3 16. Nxf3 e5 17. Qd2 h6 18. dxe5 Nxe5 19. Nxe5 Qxe5 20. e4 f4 21. Qd6 Qxd6 22. Rxd6 Kg7 23. gxf4 gxf4 24. e5 Bg4 25. h3 Bh5 26. Rd7+ Kh8 27. Be4 Rae8 28. Rh7+ Kg8 29. Rxb7 Rxe5 30. Bxc6 f3 31. Bd5+ Kh8 32. Rxa7 Rf6 33. Ra8+ Kh7 34. Ra7+ Kh8 35. Ra8+ Kh7 36. Ra5 Rg6+ 37. Kh1 Re2 38. Ra7+ Kh8 39. Ra8+ Kh7 40. Ra7+ Kh8 41. Bxf3 1/2-1/2

[Event "JUG Team Ch"]
[Site "Igalo"]
[Date "1994.??.??"]
[Round "4"]
[White "Drasko, Milan"]
[Black "Notaros, Krasoje"]
[Result "1/2-1/2"]
[WhiteElo "2545"]
[BlackElo "2360"]
[PlyCount "82"]
[EventDate "1994.??.??"]
[Source "www.chesslib.no"]
[SourceDate "2004.05.04"]

1. d4 f5 2. g3 Nf6 3. Bg2 e6 4. c4 Be7 5. Nf3 O-O 6. O-O d5 7. b3 c6 8. Ba3 Bd7 9. Qc1 Be8 10. Ne5 Nbd7 11. Nd3 Bf7 12. Nd2 Re8 13. Nf3 Ne4 14. Bxe7 Qxe7 15. Qb2 Nd6 16. c5 Ne4 17. b4 a6 18. a4 Bh5 19. Nfe5 Nxe5 20. dxe5 h6 21. f3 Ng5 22. Qd4 Rec8 23. Rab1 Be8 24. Rb2 Rd8 25. e3 Qc7 26. h4 Nh7 27. Nf4 Qe7 28. Ne2 Rac8 29. Rc1 Rc7 30. Qc3 Nf8 31. Nd4 g5 32. hxg5 Qxg5 33. Bh3 Rg7 34. Rg2 Qh5 35. Kh2 Rg5 36. g4 fxg4 37. fxg4 Qf7 38. Kg1 Qg7 39. Nf3 Rg6 40. Nh4 Rg5 41. Nf3 Rg6 1/2-1/2

[Event "Walsall"]
[Site "Walsall"]
[Date "1992.??.??"]
[Round "5"]
[White "Flear, Glenn C"]
[Black "Bellin, Robert"]
[Result "1/2-1/2"]
[WhiteElo "2505"]
[BlackElo "2395"]
[PlyCount "78"]
[EventDate "1992.??.??"]
[Source "ChessBase"]

1. d4 f5 2. g3 Nf6 3. Bg2 e6 4. c4 Be7 5. Nf3 d5 6. O-O O-O 7. b3 c6 8. Ba3 Bd7 9. Bxe7 Qxe7 10. Nbd2 Be8 11. Ne5 Nbd7 12. Nd3 Rd8 13. Qc2 Ne4 14. Nf3 Bh5 15. Rad1 Kh8 16. Rfe1 g5 17. Nfe5 Nd6 18. Bf3 Be8 19. Nxd7 Qxd7 20. Qc3 Qg7 21. Ne5 Bg6 22. a4 Nf7 23. Nxf7+ Rxf7 24. b4 g4 25. Bg2 f4 26. gxf4 Rxf4 27. b5 Rdf8 28. Rf1 c5 29. cxd5 cxd4 30. Qc5 b6 31. Qc6 exd5 32. Qxd5 Bf7 33. Qd6 Bb3 34. Ra1 Bc4 35. Rae1 Qf6 36. Qc7 Qf7 37. Qe5+ Qf6 38. Qc7 Qf7 39. Qe5+ Qf6 1/2-1/2

[Event "Lyngby Open"]
[Site "Lyngby DEN"]
[Date "1990.??.??"]
[Round "8"]
[White "Van Wely, Loek"]
[Black "Kristiansen, Jens"]
[Result "1-0"]
[WhiteElo "2445"]
[BlackElo "2445"]
[PlyCount "81"]
[EventDate "1990.??.??"]
[Source "www.chesslib.no"]
[SourceDate "2004.05.04"]

1. d4 f5 2. g3 Nf6 3. Bg2 e6 4. Nf3 Be7 5. c4 c6 6. O-O O-O 7. b3 d5 8. Ba3 Nbd7 9. Qc1 Ne4 10. Bxe7 Qxe7 11. Qa3 Qf6 12. e3 b6 13. Nbd2 Bb7 14. Rac1 a5 15. Rc2 Kh8 16. Ne1 c5 17. Ndf3 e5 18. dxe5 Nxe5 19. Nxe5 Qxe5 20. Nd3 Qf6 21. Qb2 d4 22. exd4 cxd4 23. Re1 Rad8 24. Rce2 Rd6 25. Qa3 h6 26. Qb2 Kh7 27. Qc2 Bc6 28. a3 Nc3 29. Re5 Be4 30. Qd2 Rc8 31. Bh3 a4 32. f3 Rc5 33. Rxc5 bxc5 34. fxe4 fxe4 35. Nxc5 d3 36. Nxe4 Qd4+ 37. Kg2 Nxe4 38. Bf5+ g6 39. Rxe4 Qf6 40. Bg4 axb3 41. Qe3 1-0

[Event "2nd Misr Closed"]
[Site "Ismailia"]
[Date "2004.08.17"]
[Round "2"]
[White "Abdelnabbi, Imed"]
[Black "Abdel Razik, Khaled"]
[Result "0-1"]
[WhiteElo "2479"]
[BlackElo "2410"]
[PlyCount "60"]
[EventDate "2004.08.16"]
[Source "Roberto Alvarez"]
[SourceDate "2004.09.06"]

1. Nf3 e6 2. c4 f5 3. g3 Nf6 4. Bg2 Be7 5. O-O O-O 6. d4 d5 7. b3 c6 8. Ba3 Bxa3 9. Nxa3 Ne4 10. e3 a5 11. Ne5 Qe7 12. Nc2 Nd7 13. Nxd7 Bxd7 14. Ne1 b5 15. Nd3 Be8 16. Qc2 h5 17. f3 Nd6 18. cxb5 cxb5 19. Rfc1 a4 20. Ne5 h4 21. Qc5 Ra6 22. Nd3 Qg5 23. Kf2 Rf6 24. f4 Qh5 25. g4 fxg4 26. Nb4 g3+ 27. hxg3 Qg4 28. gxh4 Qxh4+ 29. Kf1 Nf5 30. Qc3 Ng3+ 0-1

[Event "NED Ch"]
[Site "Hilversum NED"]
[Date "1985.??.??"]
[Round "3"]
[White "Van der Sterren, Paul"]
[Black "Bohm, Hans"]
[Result "1-0"]
[WhiteElo "2450"]
[BlackElo "2435"]
[PlyCount "153"]
[EventDate "1985.??.??"]
[Source "www.chesslib.no"]
[SourceDate "2004.05.04"]

1. d4 f5 2. g3 e6 3. Bg2 Nf6 4. Nf3 d5 5. O-O Be7 6. c4 c6 7. b3 O-O 8. Ba3 Bd7 9. Qc1 Be8 10. Qe3 Ne4 11. Bxe7 Qxe7 12. Ne5 Nd7 13. Nxd7 Qxd7 14. f3 Nd6 15. Nd2 Bg6 16. c5 f4 17. gxf4 Nb5 18. b4 Rf6 19. a4 Nc7 20. Qc3 Rxf4 21. e3 Rf6 22. f4 Bf5 23. Nf3 a6 24. Ne5 Qe7 25. Rf2 Rh6 26. Bf3 Ne8 27. Rg2 Nc7 28. Raa2 Rf8 29. Rg5 Bh3 30. Qe1 Kh8 31. Bg4 Bxg4 32. Nxg4 Rh3 33. Kg2 h6 34. Ne5 Qf6 35. Ng6+ Kg8 36. Rg4 Rh5 37. Nxf8 Kxf8 38. Kg1 Qf5 39. Rag2 Ne8 40. Qd1 Rh3 41. R4g3 Rxg3 42. hxg3 Qe4 43. Kf2 Nf6 44. g4 Qg6 45. Kg1 Qe4 46. Kf2 Qg6 47. Kg1 Qe4 48. Qe2 Ng8 49. g5 h5 50. Qxh5 Qxe3+ 51. Rf2 Qxd4 52. Qe2 Kf7 53. Kg2 Ne7 54. Qe5 Qd3 55. Re2 Qg6 56. Re1 Qc2+ 57. Re2 Qg6 58. Kf2 Nf5 59. Ke1 Ng3 60. Qc7+ Kg8 61. Qd8+ Kh7 62. Rh2+ Nh5 63. Kd2 Qe4 64. g6+ Qxg6 65. Qh4 Kh6 66. Re2 Qf7 67. Qg5+ Kh7 68. f5 Nf6 69. fxe6 Qe7 70. Kd3 a5 71. Rh2+ Kg8 72. Qf5 Qe8 73. bxa5 d4 74. Rh1 Qb8 75. Qh3 Nh5 76. Qxh5 Qg3+ 77. Kxd4 1-0

[Event "JUG-Cup f"]
[Site "Pula"]
[Date "1991.??.??"]
[Round "4"]
[White "Kurajica, Bojan"]
[Black "Notaros, Krasoje"]
[Result "1-0"]
[WhiteElo "2520"]
[BlackElo "2360"]
[PlyCount "71"]
[EventDate "1991.??.??"]
[Source "www.chesslib.no"]
[SourceDate "2004.05.04"]

1. d4 f5 2. Nf3 Nf6 3. g3 e6 4. Bg2 Be7 5. O-O O-O 6. c4 d5 7. b3 c6 8. Ba3 Bd7 9. Qc1 Be8 10. Ne5 Bh5 11. Re1 Nbd7 12. Nd3 Re8 13. Nd2 Rc8 14. Qb2 Ne4 15. Bxe7 Qxe7 16. Rac1 Nxd2 17. Qxd2 dxc4 18. Rxc4 e5 19. e4 Bf7 20. Ra4 fxe4 21. Bxe4 Qd6 22. dxe5 Rxe5 23. Qb4 Qxb4 24. Rxb4 Rb5 25. Rxb5 cxb5 26. Bxb7 Rc3 27. Nf4 a5 28. Bd5 Nf6 29. Bxf7+ Kxf7 30. Re5 Rc2 31. Rxb5 Rxa2 32. Rb7+ Kg8 33. Ne6 g6 34. Rg7+ Kh8 35. Rf7 Ng8 36. Ng5 1-0

[Event "Salsomaggiore op"]
[Site "Salsomaggiore"]
[Date "2000.??.??"]
[Round "3"]
[White "Chatalbashev, Boris"]
[Black "Everet, Alexander"]
[Result "1-0"]
[WhiteElo "2522"]
[BlackElo "2357"]
[PlyCount "85"]
[EventDate "2000.??.??"]
[Source "www.chesslib.no"]
[SourceDate "2004.05.04"]

1. d4 f5 2. g3 Nf6 3. Bg2 e6 4. c4 Be7 5. Nf3 O-O 6. O-O d5 7. b3 c6 8. Ba3 Nbd7 9. Bxe7 Qxe7 10. Nbd2 Ne4 11. e3 a5 12. Qc2 b6 13. Nxe4 fxe4 14. Nd2 Ba6 15. f3 exf3 16. Rxf3 Rxf3 17. Nxf3 Rc8 18. Re1 Rf8 19. cxd5 cxd5 20. Rc1 Rc8 21. Qb1 Rxc1+ 22. Qxc1 Qd6 23. Bh3 h6 24. Qc2 Kf7 25. Bg4 Bb5 26. a4 Qc6 27. Qf2 Qc1+ 28. Kg2 Bc6 29. Ne5+ Ke7 30. Qf7+ Kd8 31. Qxe6 Nxe5 32. Qxe5 Qc2+ 33. Kh3 Qg6 34. Qb8+ Ke7 35. Qxb6 h5 36. Qc7+ Ke8 37. Qe5+ Kd8 38. Qxh5 Qc2 39. Qf5 Qc1 40. Qg5+ Kc7 41. Qxg7+ Kb6 42. Qf6 Qxe3 43. Bd7 1-0

[Event "Leon"]
[Site "Leon"]
[Date "1990.??.??"]
[Round "1"]
[White "Franco, Zenon"]
[Black "Ochoa de Echaguen, F Javier"]
[Result "1/2-1/2"]
[WhiteElo "2475"]
[BlackElo "2400"]
[PlyCount "33"]
[EventDate "1990.06.??"]
[Source "www.chesslib.no"]
[SourceDate "2004.05.04"]

1. c4 e6 2. Nf3 f5 3. g3 Nf6 4. Bg2 d5 5. O-O c6 6. b3 Bd6 7. Ba3 Bxa3 8. Nxa3 O-O 9. d4 Qe7 10. Nc2 b6 11. Nce1 Bb7 12. Nd3 Na6 13. Rc1 c5 14. cxd5 exd5 15. e3 Rac8 16. Nfe5 Ne4 17. Re1 1/2-1/2

[Event "OHRA-B"]
[Site "Amsterdam"]
[Date "1985.??.??"]
[Round "3"]
[White "Van der Sterren, Paul"]
[Black "Enklaar, Bertus F"]
[Result "1/2-1/2"]
[WhiteElo "2465"]
[BlackElo "2395"]
[PlyCount "158"]
[EventDate "1985.07.??"]
[Source "ChessBase"]

1. d4 e6 2. Nf3 f5 3. g3 Nf6 4. Bg2 Be7 5. O-O O-O 6. c4 d5 7. b3 c6 8. Ba3 Bxa3 9. Nxa3 Qe7 10. Nc2 Bd7 11. Nce1 Be8 12. Nd3 Nbd7 13. cxd5 exd5 14. b4 Ne4 15. Qb3 Nb6 16. Rfe1 Nc4 17. a4 Bf7 18. e3 Rfc8 19. Nfe5 Rc7 20. f3 Ned6 21. Qc3 Rd8 22. Ra2 Nxe5 23. Nxe5 Be6 24. Rc2 Rcc8 25. Rec1 Nc4 26. Nxc4 dxc4 27. Bf1 b5 28. axb5 cxb5 29. Ra2 Bd5 30. Bg2 Qb7 31. Rca1 Ra8 32. Kf2 a6 33. h4 Rd6 34. Ra3 Re8 35. Qd2 Rde6 36. Re1 Qe7 37. Bh3 Qf6 38. Qc2 g6 39. Qd2 R6e7 40. Rea1 Bb7 41. Bg2 Qd6 42. Re1 Bd5 43. Raa1 Qc6 44. Ra3 Qb7 45. Raa1 Re6 46. Ra3 h6 47. Raa1 Qe7 48. Ra3 Kg7 49. Raa1 Qf6 50. Rad1 g5 51. hxg5 hxg5 52. Kg1 Qd8 53. Ra1 Qd6 54. Kf2 Rf6 55. Rh1 g4 56. Rh4 gxf3 57. Bxf3 Rg6 58. Rg1 Bxf3 59. Kxf3 Re4 60. Rhh1 Qd5 61. Kf2 Reg4 62. Rh3 Kf7 63. Rh7+ Kg8 64. Rh3 Rg7 65. Rg2 Kf7 66. Rh5 Ke7 67. Rh6 R4g6 68. Rxg6 Rxg6 69. Rh2 Qd6 70. Rh3 Kd7 71. Rh7+ Kc8 72. Rh3 Kc7 73. Kg2 Kb6 74. e4 fxe4 75. d5 Qe7 76. Rh6 Rxh6 77. Qxh6+ Ka7 78. Qe6 Qxb4 79. Qd7+ Kb8 1/2-1/2

[Event "Capablanca Mem Premier II"]
[Site "?"]
[Date "2004.05.14"]
[Round "8"]
[White "Hernandez Roman"]
[Black "Borges Mateos Juan"]
[Result "1/2-1/2"]
[WhiteElo "2420"]
[BlackElo "2426"]
[PlyCount "21"]
[EventDate "2004.??.??"]
[Source "www.chesslib.no"]
[SourceDate "2004.05.04"]

1. d4 f5 2. Nf3 Nf6 3. g3 e6 4. Bg2 d5 5. c4 c6 6. O-O Bd6 7. b3 O-O 8. Ba3 Bxa3 9. Nxa3 Qe7 10. Qc1 Nbd7 11. Qb2 1/2-1/2

[Event "Paris Ch"]
[Site "Paris FRA"]
[Date "1990.??.??"]
[Round "?"]
[White "Razuvaev, Yuri S"]
[Black "Bjornsson, Tomas"]
[Result "1-0"]
[WhiteElo "2545"]
[BlackElo "2300"]
[PlyCount "53"]
[EventDate "1990.05.??"]
[Source "www.chesslib.no"]
[SourceDate "2004.05.04"]

1. d4 e6 2. c4 f5 3. Nf3 Nf6 4. g3 d5 5. Bg2 c6 6. O-O Bd6 7. b3 O-O 8. Ba3 Bxa3 9. Nxa3 Qe7 10. Qc1 Nbd7 11. Qb2 a5 12. Rac1 Ne4 13. e3 Ndf6 14. Ne5 Bd7 15. Nc2 Rfc8 16. Ne1 b5 17. f3 Nd6 18. N1d3 Be8 19. Rf2 b4 20. a3 bxa3 21. Qxa3 Ra7 22. Ra2 dxc4 23. bxc4 Rca8 24. Rb1 Qc7 25. Nc5 Bf7 26. Rab2 Nc8 27. Rb7 1-0

[Event "Neuchatel (Switzerland)"]
[Site "?"]
[Date "2003.05.??"]
[Round "?"]
[White "Tukmakov Vladimir B"]
[Black "Vuilleumier Alexandre"]
[Result "1-0"]
[WhiteElo "2564"]
[BlackElo "2270"]
[PlyCount "69"]
[EventDate "2003.??.??"]
[Source "www.chesslib.no"]
[SourceDate "2004.05.04"]

1. Nf3 e6 2. c4 f5 3. g3 Nf6 4. Bg2 Be7 5. O-O O-O 6. d4 c6 7. b3 d5 8. Ba3 Bxa3 9. Nxa3 Ne4 10. Nc2 Nd7 11. Nce1 b6 12. Nd3 Bb7 13. Rc1 Rc8 14. e3 Qe7 15. Qe2 a5 16. Qb2 Ba6 17. Rfd1 g5 18. Nfe5 Nxe5 19. Nxe5 g4 20. Rc2 Ng5 21. Rdc1 Nf7 22. Nd3 Nh8 23. Bf1 Ng6 24. cxd5 cxd5 25. Rc6 Rxc6 26. Rxc6 Rb8 27. Qc3 Bb5 28. Rc7 Qd6 29. Ne5 Bxf1 30. Kxf1 Nf8 31. Ra7 Qd8 32. Rc7 Qd6 33. Kg2 Qa3 34. Ra7 Qd6 35. Nf7 1-0

[Event "SWE Ch"]
[Site "Goteborg SWE"]
[Date "1990.??.??"]
[Round "?"]
[White "Wessman, Richard"]
[Black "Setterqvist, Kurt"]
[Result "1/2-1/2"]
[WhiteElo "2505"]
[BlackElo "2320"]
[PlyCount "48"]
[EventDate "1990.??.??"]
[Source "www.chesslib.no"]
[SourceDate "2004.05.04"]

1. d4 e6 2. c4 f5 3. Nf3 Nf6 4. g3 d5 5. Bg2 c6 6. O-O Bd6 7. b3 O-O 8. Ba3 Bxa3 9. Nxa3 Qe7 10. Nb1 b6 11. Nbd2 Bb7 12. Qc2 Nbd7 13. e3 Rac8 14. Qb2 Ne4 15. Rac1 c5 16. Rfd1 Nxd2 17. Rxd2 dxc4 18. Rxc4 Bd5 19. Rc1 Rc7 20. Rdc2 Rfc8 21. Qa3 Be4 22. Rc3 a5 23. Ne1 Bxg2 24. Nxg2 e5 1/2-1/2

[Event "Nijmegen"]
[Site "Nijmegen"]
[Date "1982.??.??"]
[Round "?"]
[White "Scheeren, Peter"]
[Black "Enklaar, Bertus F"]
[Result "0-1"]
[WhiteElo "2430"]
[BlackElo "2395"]
[PlyCount "64"]
[EventDate "1982.??.??"]
[Source "www.chesslib.no"]
[SourceDate "2004.05.04"]

1. d4 e6 2. c4 f5 3. g3 Nf6 4. Bg2 Be7 5. Nf3 O-O 6. O-O d5 7. b3 c6 8. Ba3 Bd7 9. Qc1 Be8 10. Nc3 Nbd7 11. Re1 Ne4 12. Bxe7 Qxe7 13. e3 g5 14. Nd2 Bg6 15. f3 Nxd2 16. Qxd2 Rad8 17. cxd5 exd5 18. e4 dxe4 19. fxe4 f4 20. Rf1 Ne5 21. gxf4 gxf4 22. Rxf4 Rxf4 23. Qxf4 Rxd4 24. Rf1 Rd8 25. Qf2 b6 26. Kh1 Rf8 27. Qd4 Rxf1+ 28. Bxf1 Qf6 29. Be2 h5 30. Qe3 Kh7 31. Nd1 Ng4 32. Bxg4 Qf1+ 0-1

[Event "57. ch-RUS Qualifier"]
[Site "?"]
[Date "2004.05.23"]
[Round "1"]
[White "Kiriakov Petr"]
[Black "Nazarov Nikolay"]
[Result "1-0"]
[WhiteElo "2568"]
[BlackElo "2256"]
[PlyCount "77"]
[EventDate "2004.??.??"]
[Source "www.chesslib.no"]
[SourceDate "2004.05.04"]

1. d4 f5 2. g3 Nf6 3. Bg2 e6 4. c4 d5 5. Nf3 c6 6. O-O Bd6 7. b3 O-O 8. Ba3 Bxa3 9. Nxa3 Nbd7 10. Qc1 Qe7 11. Qb2 Re8 12. e3 b6 13. Rac1 Bb7 14. Rfd1 Rac8 15. Ne5 Nxe5 16. dxe5 Ng4 17. b4 a5 18. bxa5 bxa5 19. Rd3 Ba6 20. h3 Nh6 21. Qb6 dxc4 22. Nxc4 Bb5 23. Qxa5 Nf7 24. f4 Ra8 25. Qd2 Red8 26. Rxd8+ Rxd8 27. Qe1 Ra8 28. Na5 Nd8 29. Rc2 h6 30. Kh2 Ra6 31. Nb3 Ra7 32. Qc3 Kf7 33. Rb2 Qa3 34. Rd2 Qe7 35. Nc5 h5 36. e4 g6 37. h4 Qe8 38. Qd4 Ra8 39. a4 1-0

[Event "Santiago"]
[Site "Santiago"]
[Date "1981.??.??"]
[Round "6"]
[White "Morovic Fernandez, Ivan"]
[Black "Guimard, Carlos E"]
[Result "1/2-1/2"]
[WhiteElo "2420"]
[BlackElo "2400"]
[PlyCount "111"]
[EventDate "1981.08.??"]
[Source "ChessBase"]

1. d4 e6 2. Nf3 f5 3. g3 Nf6 4. Bg2 Be7 5. O-O O-O 6. c4 d5 7. b3 c6 8. Ba3 Bxa3 9. Nxa3 Bd7 10. Nc2 Be8 11. Nce1 Bh5 12. Qc2 Nbd7 13. Nd3 Kh8 14. Nf4 Bf7 15. cxd5 Nxd5 16. Nd3 Qf6 17. e3 Rfc8 18. Rac1 Be8 19. Qd2 Bh5 20. Nfe5 Nxe5 21. Nxe5 Be8 22. b4 h5 23. h4 Nc7 24. a4 a6 25. Qc3 Kg8 26. Qc5 g5 27. hxg5 Qxg5 28. Qd6 Qg7 29. Nc4 Rd8 30. Qe5 Rab8 31. Qxg7+ Kxg7 32. Ne5 Bg6 33. Rc5 Rh8 34. Rfc1 h4 35. gxh4 Rxh4 36. Nd3 Rg8 37. Nf4 Kf6 38. Kf1 Be8 39. Bf3 Nd5 40. Bxd5 cxd5 41. a5 Rxf4 42. exf4 Rg4 43. R5c3 Bb5+ 44. Ke1 Rxf4 45. Rd1 e5 46. dxe5+ Kxe5 47. Rc5 Bc6 48. Rb1 Kd6 49. Rb3 Bb5 50. Rh3 Re4+ 51. Re3 Rh4 52. Kd2 Rd4+ 53. Kc1 Rc4+ 54. Kd2 Rd4+ 55. Kc1 Rc4+ 56. Kd2 1/2-1/2

[Event "BL2-W 9596"]
[Site "GER"]
[Date "1996.??.??"]
[Round "?"]
[White "Schulz, Klaus-Juergen"]
[Black "Ostermeyer, Peter"]
[Result "1-0"]
[WhiteElo "2405"]
[BlackElo "2410"]
[PlyCount "163"]
[EventDate "1995.10.??"]
[Source "www.chesslib.no"]
[SourceDate "2004.05.04"]

1. Nf3 f5 2. d4 Nf6 3. g3 e6 4. Bg2 d5 5. O-O Bd6 6. c4 c6 7. b3 O-O 8. Ba3 Bxa3 9. Nxa3 Bd7 10. Nc2 Be8 11. Nce1 Bh5 12. Ne5 Nbd7 13. N1d3 Qe7 14. Qc2 Nxe5 15. Nxe5 Nd7 16. Nd3 a5 17. Rfe1 g5 18. e3 Rf7 19. a3 Rff8 20. Qc3 Nf6 21. Ne5 Nd7 22. Nd3 Ra7 23. f3 Qg7 24. b4 Qe7 25. b5 cxb5 26. cxd5 exd5 27. Qb3 Bf7 28. Qxb5 Nf6 29. Ne5 Be8 30. Qb6 Ra6 31. Qb1 Bg6 32. f4 g4 33. Rc1 Rd8 34. Rc5 Rc6 35. Rxa5 Rc3 36. Ra7 Rxe3 37. Nc6 bxc6 38. Rxe7 Rxe7 39. Qb6 Rc8 40. a4 Be8 41. a5 Ra8 42. a6 Rea7 43. Bf1 Kf7 44. Rb1 Bd7 45. Qa5 Ne8 46. Qc5 Rxa6 47. Rb7 Ke6 48. Bxa6 Rxa6 49. Ra7 Rxa7 50. Qxa7 h5 51. Qb8 Ke7 52. Qe5+ Be6 53. Kf2 Nd6 54. Ke2 Kd7 55. Kd3 Bf7 56. Kc3 Be8 57. Kb4 Bf7 58. Kc5 Nb7+ 59. Kb6 Nd6 60. Ka7 Be8 61. Kb8 Bf7 62. Qe1 Be8 63. Qa5 Nb5 64. Qb6 Ke7 65. Qa6 Bd7 66. Qa5 Be8 67. Qb4+ Kd7 68. Kb7 Nd6+ 69. Kb6 Bf7 70. Qa4 Nc8+ 71. Kc5 Ne7 72. Qa7+ Ke6 73. Qb8 Bg6 74. Qd6+ Kf7 75. Qd7 Kf6 76. Kd6 Ng8 77. Qxc6 Bf7 78. Qd7 Kg6 79. Ke5 Nh6 80. Qe7 Kg7 81. Qf6+ Kh7 82. Kd6 1-0